| 000 | 00439nam a2200193Ia 4500 | ||
|---|---|---|---|
| 005 | 20250603145021.0 | ||
| 008 | 250603s9999 xx 000 0 und d | ||
| 020 | _a9780444418302 | ||
| 050 | _aTN 871 .D35/ | ||
| 100 | _aDake, L. P. | ||
| 245 | 0 | _aFundamentals of reservoir engineering | |
| 250 | _a8th ed. | ||
| 260 | _aNew York | ||
| 260 | _bElsevier | ||
| 260 | _c2006 | ||
| 300 | _a443 p | ||
| 650 | _aNew York | ||
| 942 | _cBK | ||
| 999 |
_c40623 _d40623 |
||